[Event "Romulus op"]
[Site "Romulus"]
[Date "2000.09.03"]
[Round "5"]
[White "Cooper, Rene"]
[Black "Swathell, Gary"]
[Result "1/2-1/2"]
[WhiteElo "1106"]
[BlackElo "1500"]
[PlyCount "132"]
[EventDate "2000.09.01"]
[EventType "swiss"]
[EventRounds "7"]
[EventCountry "USA"]
[SourceTitle "EXT 2007"]
[Source "ChessBase"]
[SourceDate "2006.11.23"]
[SourceVersion "1"]
[SourceVersionDate "2006.11.23"]
[SourceQuality "1"]

1. d4 Nf6 2. e3 d5 3. Bd3 g6 4. Nd2 Bg7 5. f4 0-0 6. Ngf3 Bg4 7. c3 Nbd7 8. Qc2 c5 9. b3 cxd4 10. exd4 Qc7 11. Ne5 Nxe5 12. fxe5 Nd7 13. 0-0 f6 14. exf6 Rxf6 15. Ba3 Rxf1+ 16. Rxf1 Nf6 17. Re1 Re8 18. Bb5 Bd7 19. Bd3 e5 20. dxe5 Rxe5 21. Rxe5 Qxe5 22. Nf3 Qe3+ 23. Kf1 Bg4 24. Bc1 Qe7 25. Nd4 Qf8 26. Kg1 Qe8 27. Kf1 Nh5 28. Nb5 a6 29. Nd4 Qf8+ 30. Kg1 Qd6 31. Qf2 Be5 32. Qh4 Qc7 33. Bh6 Qd7 34. Qf2 Qf7 35. Qh4 Nf6 36. Qe1 Qe8 37. Kh1 Bxd4 38. Qxe8+ Nxe8 39. cxd4 Kf7 40. Bg5 Nd6 41. Kg1 Bf5 42. Be2 Ne4 43. Bf3 Nxg5 44. Bxd5+ Ke7 45. Bxb7 a5 46. Bd5 Kd6 47. Bg8 Be6 48. h4 Ne4 49. Bxh7 Bf7 50. h5 Nf6 51. hxg6 Be6 52. Kf2 Bf5 53. Kf3 Kd5 54. Kf4 Bb1 55. a3 Nxh7 56. gxh7 Bxh7 57. Ke3 Bg6 58. g4 Bh7 59. b4 axb4 60. axb4 Kc4 61. b5 Kxb5 62. Kf4 Kc6 63. Ke5 Kd7 64. d5 Bg8 65. g5 Bh7 66. d6 Bb1 1/2-1/2